000 00422nam a2200133Ia 4500
008 100328s9999 xx 000 0 und d
082 _b10910
100 _aजोशी श्रीपाद
245 _aचिनारच्या छायेत
260 _bसुविचार
630 _aचिनारच्या छायेत
730 _aचिनारच्या छायेत
942 _cBOOK
999 _c506248
_d506245